| 000 | 00902nam a2200253Ia 4500 | ||
|---|---|---|---|
| 003 | OSt | ||
| 005 | 20220923214344.0 | ||
| 006 | a|||||r|||| 00| 0 | ||
| 007 | ta | ||
| 008 | 220922b |||||||| |||| 00| 0 hin d | ||
| 024 | _a169,142 | ||
| 037 | _cTextual | ||
| 040 |
_aARTS _cARTS _bhin |
||
| 041 |
_2hin _ahin |
||
| 082 | _aO152,1M86,34:g, K9 | ||
| 100 | _aशर्मा, ब्रजभूषण | ||
| 245 | 0 |
_aसाकेत की टीका _b मैथिलीशरण गुप्त रचित 'साकेत' की टीका |
|
| 246 | _aSāket kī ṭīkā: maithilīsharaṇ gupta rachit 'sāketa' kī ṭīkā | ||
| 250 | _aसंस्क0 3 | ||
| 260 | _c1969 | ||
| 650 |
_aहिन्दी साहित्य _9156264 |
||
| 942 |
_hO152,1M86,34:g, K9 _cTEXL _2CC |
||
| 999 |
_c323598 _d323598 |
||